<?xml version="1.0" encoding="UTF-8"?>
<collection xmlns="http://www.loc.gov/MARC21/slim">
 <record>
  <leader>01944nam a22002657a 4500</leader>
  <controlfield tag="001">NCT_4_015464</controlfield>
  <controlfield tag="008">241217b        xxu||||| |||| 00| 0 vie d</controlfield>
  <datafield tag="999" ind1=" " ind2=" ">
   <subfield code="c">8735</subfield>
   <subfield code="d">8735</subfield>
  </datafield>
  <datafield tag="020" ind1=" " ind2=" ">
   <subfield code="a">9786046667568</subfield>
   <subfield code="c">571000</subfield>
  </datafield>
  <datafield tag="082" ind1="0" ind2="4">
   <subfield code="2">23rd ed.</subfield>
   <subfield code="a">610.73</subfield>
   <subfield code="b">B113</subfield>
  </datafield>
  <datafield tag="100" ind1="1" ind2=" ">
   <subfield code="a">Nguyễn Hoàng Bắc</subfield>
  </datafield>
  <datafield tag="245" ind1="1" ind2="0">
   <subfield code="a">Quy trình kỹ thuật chuyên khoa :</subfield>
   <subfield code="b">Dành cho điều dưỡng, hộ sinh, kỹ thuật y</subfield>
   <subfield code="c">Nguyễn Hoàng Bắc, Nguyễn Thị Hồng Minh (Chủ biên)</subfield>
  </datafield>
  <datafield tag="260" ind1=" " ind2=" ">
   <subfield code="a">H.</subfield>
   <subfield code="b">Y học</subfield>
   <subfield code="c">2024</subfield>
  </datafield>
  <datafield tag="300" ind1=" " ind2=" ">
   <subfield code="a">xviii, 301 tr.</subfield>
   <subfield code="b">Minh hoạ</subfield>
   <subfield code="c">27cm</subfield>
  </datafield>
  <datafield tag="500" ind1=" " ind2=" ">
   <subfield code="a">ĐTTS ghi: Bệnh viện Đại học Y Dược TPHCM</subfield>
  </datafield>
  <datafield tag="520" ind1="3" ind2=" ">
   <subfield code="a">Nội dung sách trình bày các về các quy trình hô hấp, tiêu hóa, thần kinh, tim mạch, nội tiết, tiết niệu, tai mũi họng, phụ sản, phẫu thuật hàm mặt-răng hàm mặt, phục hồi chức năng,...</subfield>
  </datafield>
  <datafield tag="653" ind1=" " ind2=" ">
   <subfield code="a">Điều dưỡng</subfield>
  </datafield>
  <datafield tag="700" ind1="1" ind2=" ">
   <subfield code="a">Nguyễn Thị Hồng Minh</subfield>
   <subfield code="e">Chủ biên</subfield>
  </datafield>
  <datafield tag="942" ind1=" " ind2=" ">
   <subfield code="2">ddc</subfield>
   <subfield code="c">BK</subfield>
  </datafield>
  <datafield tag="952" ind1=" " ind2=" ">
   <subfield code="0">0</subfield>
   <subfield code="1">0</subfield>
   <subfield code="2">ddc</subfield>
   <subfield code="4">0</subfield>
   <subfield code="6">610_730000000000000_B113</subfield>
   <subfield code="7">0</subfield>
   <subfield code="9">30004</subfield>
   <subfield code="a">000001</subfield>
   <subfield code="b">000001</subfield>
   <subfield code="d">2024-12-17</subfield>
   <subfield code="l">1</subfield>
   <subfield code="o">610.73 B113</subfield>
   <subfield code="p">MD.23448</subfield>
   <subfield code="r">2025-01-17</subfield>
   <subfield code="s">2025-01-17</subfield>
   <subfield code="v">571000.00</subfield>
   <subfield code="w">2024-12-17</subfield>
   <subfield code="y">BK</subfield>
  </datafield>
  <datafield tag="952" ind1=" " ind2=" ">
   <subfield code="0">0</subfield>
   <subfield code="1">0</subfield>
   <subfield code="2">ddc</subfield>
   <subfield code="4">0</subfield>
   <subfield code="6">610_730000000000000_B113</subfield>
   <subfield code="7">0</subfield>
   <subfield code="9">31407</subfield>
   <subfield code="a">000001</subfield>
   <subfield code="b">000001</subfield>
   <subfield code="d">2025-09-19</subfield>
   <subfield code="o">610.73 B113</subfield>
   <subfield code="p">MD.24419</subfield>
   <subfield code="r">2025-09-19</subfield>
   <subfield code="v">650000.00</subfield>
   <subfield code="w">2025-09-19</subfield>
   <subfield code="y">BK</subfield>
  </datafield>
  <datafield tag="952" ind1=" " ind2=" ">
   <subfield code="0">0</subfield>
   <subfield code="1">0</subfield>
   <subfield code="2">ddc</subfield>
   <subfield code="4">0</subfield>
   <subfield code="6">610_730000000000000_B113</subfield>
   <subfield code="7">0</subfield>
   <subfield code="9">31408</subfield>
   <subfield code="a">000001</subfield>
   <subfield code="b">000001</subfield>
   <subfield code="d">2025-09-19</subfield>
   <subfield code="o">610.73 B113</subfield>
   <subfield code="p">MD.24420</subfield>
   <subfield code="r">2025-09-19</subfield>
   <subfield code="v">650000.00</subfield>
   <subfield code="w">2025-09-19</subfield>
   <subfield code="y">BK</subfield>
  </datafield>
  <datafield tag="952" ind1=" " ind2=" ">
   <subfield code="0">0</subfield>
   <subfield code="1">0</subfield>
   <subfield code="2">ddc</subfield>
   <subfield code="4">0</subfield>
   <subfield code="6">610_730000000000000_B113</subfield>
   <subfield code="7">0</subfield>
   <subfield code="9">31409</subfield>
   <subfield code="a">000001</subfield>
   <subfield code="b">000001</subfield>
   <subfield code="d">2025-09-19</subfield>
   <subfield code="o">610.73 B113</subfield>
   <subfield code="p">MD.24421</subfield>
   <subfield code="r">2025-09-19</subfield>
   <subfield code="v">650000.00</subfield>
   <subfield code="w">2025-09-19</subfield>
   <subfield code="y">BK</subfield>
  </datafield>
  <datafield tag="952" ind1=" " ind2=" ">
   <subfield code="0">0</subfield>
   <subfield code="1">0</subfield>
   <subfield code="2">ddc</subfield>
   <subfield code="4">0</subfield>
   <subfield code="6">610_730000000000000_B113</subfield>
   <subfield code="7">0</subfield>
   <subfield code="9">31410</subfield>
   <subfield code="a">000001</subfield>
   <subfield code="b">000001</subfield>
   <subfield code="d">2025-09-19</subfield>
   <subfield code="o">610.73 B113</subfield>
   <subfield code="p">MD.24422</subfield>
   <subfield code="r">2025-09-19</subfield>
   <subfield code="v">650000.00</subfield>
   <subfield code="w">2025-09-19</subfield>
   <subfield code="y">BK</subfield>
   <subfield code="z">Đã bàn giao về Khoa Điều dưỡng</subfield>
  </datafield>
  <datafield tag="980" ind1=" " ind2=" ">
   <subfield code="a">Thư viện Trường Đại học Nam Cần Thơ</subfield>
  </datafield>
 </record>
</collection>
